E70(伊豆縦貫道)のIC - Statistics

General Stats
  • This quiz has been taken 24 times
    21 since last reset
  • The average score is 8 of 15
Answer Stats
伊豆縦貫道 % Correct
JCT 長泉
87%
IC 長泉
87%
IC 修善寺
80%
IC 沼津岡宮
60%
IC 三島萩
60%
IC 三島塚原
60%
IC 三島加茂
53%
IC 月ケ瀬
53%
IC 河津七滝
53%
IC 三島玉沢
47%
IC 大場・函南
47%
IC 大場・函南
47%
IC 大平
40%
IC 河津逆川
33%
IC 函南塚本
33%
No matching quizzes found
Score Distribution
Percent of People with Each Score
Percentile by Number Answered
Your Score History
You have not taken this quiz since the last reset